Normal view MARC view
  • Rao, V.B, Overhauser, D.V, Trick, T.N

Entry Personal Name

Number of records used in: 1

001 - CONTROL NUMBER

  • control field: 66984

003 - CONTROL NUMBER IDENTIFIER

  • control field: NUST

005 - DATE AND TIME OF LATEST TRANSACTION

  • control field: 20210628203719.0

008 - FIXED-LENGTH DATA ELEMENTS

  • fixed length control field: 210628|| aca||aabn | a|a d

040 ## - CATALOGING SOURCE

  • Original cataloging agency: NUST
  • Transcribing agency: NUST

100 ## - HEADING--PERSONAL NAME

  • Personal name: Rao, V.B, Overhauser, D.V, Trick, T.N

670 ## - SOURCE DATA FOUND

  • Source citation: Work cat.: (NUST): Rao, V.B, Overhauser, D.V, Trick, T.N, Switch level timing simulation of mos vlsi circuits, 1989
© 2023 Central Library, National University of Sciences and Technology. All Rights Reserved.